000 00388nam a2200133Ia 4500
003 LK-CoDNM
008 010623t2002 xxu||||| |||| 00| 1 eng d
040 _aLK-CoDNM
_dLK-CoDNM
_eLK-CoDNM
041 _aeng
245 _aSessional paper No.II-2002 : Report of the Salaries Commission 2000
260 _bDepartment of Government Printing
_c2002
300 _biii,239p., 24 cm
942 _cBK
999 _c121787
_d121787